Black Metal - Statistics

General Stats
  • This quiz has been taken 8 times
  • The average score is 3 of 15
Answer Stats
Hint Answer % Correct
Which band has released the albums Minas Morgul and Dol Guldur? Summoning
88%
Where do Necromantia come from? Greece
50%
Where do Nazxul come from? Australia
25%
Who released Henbane in 2013? Cultes des Ghoules
25%
Dagon and Incubus make up which band? Inquisition
25%
Who is the only founding member left in Impaled Nazarene? Slutti666
25%
What was the stagename of the person behind Judas Iscariot? Akhenaten
13%
Where do Ancient Rites come from? Belgium
13%
How did Valfar die? Hypothermia
13%
What is the name of Samoth's label? Nocturnal Art Productions
13%
What was Quorthon's real name? Thomas Börje Forsberg
13%
Who is photographed on the cover of A Blaze in the Northern Sky? Zephyrous
13%
What band did Malefic start after ending Xasthur? Nocturnal Poisoning
0%
Who drove Varg to meet Euronymous? Snorre Ruch
0%
Which band's debut album was called The Excommunication of Christ? The Meads of Asphodel
0%
No matching quizzes found
Score Distribution
Percent of People with Each Score
Percentile by Number Answered
Your Score History
You have not taken this quiz